Estatísticas para Discografia de Linkin Park

Clique aqui para jogar o quiz

Estatísticas Gerais

  • Esse quiz foi jogado 24 vezes
  • A pontuação média é 4 de 7

Estatísticas das Respostas

LançamentoÁlbum% Correto
2003Meteora
100%
2000Hybrid Theory
75%
2017One More Light
65%
2007Minutes to Midnight
60%
2012Living Things
55%
2010A Thousand Suns
45%
2014The Hunting Party
45%

Distribuição das Pontuações

Percentil de Números Respondidos

Porcentagem de Pessoas com Cada Pontuação

Sua Pontuação Histórica

Você não jogou esse quiz